Kúpele Piešťany Balnea Esplanade

Zobrazenie: Tri čiastkové pohľady, uprostred oddelené červeno-bielymi líniami, obtekajúcimi okolo druhého pohľadu. Vľavo od neho je na bielom podklade červeným písmom názov. Pohľad na poschodový kúpeľný dom za šera. V popredí je široká trávnatá plocha, vpravo je vidno jeden listnatý strom a vpravo o...

Full description

Bibliographic Details
Corporate Author: FOTOSTUDIO Ondrejkovič (Slovensko) (Author)
Format: Photo
Language:Slovak
PhysicalDescription:1 pohľadnica (3 čiastkové pohľady) farebná 15 x 11 cm
Published: [Skalica?] [Grafobal a. s.?] [1997?]
Subjects:

MARC

LEADER 00000ckm a2200000 a 4500
001 vtls001293976
003 SK-MaSNL
005 20260302065925.0
007 kf co
008 200701q1997 xo g 0kuslo
015 |a SNBG1998/01-00606 
035 |a SNK000245756 
040 |a SNK  |b slo  |c SNK  |e AACR2 
041 0 |a slo 
043 |a e-xo--- 
044 |a xo  |c SK 
072 7 |a 913  |x Regionálna geografia  |2 konspekt 
080 |a (084.121)  |2 2011 
080 |a 913.437.627(084.121)  |2 1981 
080 |a 913(437.6)  |2 2011 
080 |a 725.1:615.838  |2 2011 
080 |a 725.1:613.47  |2 2011 
080 |a 72.012.8  |2 2011 
080 |a 711.455:615.838  |2 2011 
110 2 |a FOTOSTUDIO Ondrejkovič (Slovensko)  |4 aut  |9 287851 
245 1 0 |a Kúpele Piešťany  |h grafika  |b Balnea Esplanade  |c Fotostudio: Ondrejkovič 
246 1 |i Názov na obrazovej časti:  |a Piešťany 
260 |a [Skalica?]  |b [Grafobal a. s.?]  |c [1997?]  |e Skalica  |f Grafobal a. s. 
300 |a 1 pohľadnica (3 čiastkové pohľady)  |b farebná  |c 15 x 11 cm 
500 |a Na adresnej časti uvedené: "Fotostudio: Ondrejkovič, tel. 0838/258 41" 
500 |a Rok vydania určený na základe prírastkového čísla 
520 8 |a Zobrazenie: Tri čiastkové pohľady, uprostred oddelené červeno-bielymi líniami, obtekajúcimi okolo druhého pohľadu. Vľavo od neho je na bielom podklade červeným písmom názov. Pohľad na poschodový kúpeľný dom za šera. V popredí je široká trávnatá plocha, vpravo je vidno jeden listnatý strom a vpravo od neho je sčasti vidno ďalší. Pohľad na interiér kúpeľného domu, na rady konferenčných stolíkov so sedačkami z dvoch strán. Vpravo vidno na poschodí balkón. Pohľad na bazén z výšky. V popredí sú kríky na múre, za ním sú v bazéne aj okolo neho niekoľkí ľudia. Vpravo sú dva rady lehátok, niektoré obsadené. V pozadí za bazénom je vidno husté stromy a vľavo za nimi aj vpravo pred nimi je trávnatá plocha 
650 0 7 |a kúpele  |2 SNKPH  |9 1139 
650 0 7 |a kúpeľné budovy  |2 SNKPH  |9 102104 
650 0 7 |a bazény  |2 SNKPH  |9 30214 
650 0 7 |a interiéry  |2 SNKPH  |9 2953 
651 7 |a Piešťany (Slovensko)  |2 SNKPHgeo  |9 23981 
655 7 |a miestne pohľadnice  |2 SNKPH  |9 70510 
958 |a GBN 
958 |a GC 
958 |a OND 
999 |c 1144535  |d 1146465 
952 |t P60, <03>, [BOOK], {603}  |a SNK  |b SNK  |y PREZ  |7 0  |p 17A1287849  |o snkSP 147892  |i snkPV 157/97  |0 0  |1 0  |4 0  |d 1997-07-09  |f 1  |l 0  |r 2005-01-02 00:00:00  |w 2026-02-24 
952 |t P60, <04>, [BOOK], {604}  |a SNK  |b SNK  |y PREZ  |7 0  |p 17A1287844  |o snkSP 147892 D1  |i snkPV 158/97  |0 0  |1 0  |4 0  |d 1997-07-09  |l 0  |r 2005-01-02 00:00:00  |w 2026-02-24